Fr. Conceicao Rodrigues College of Engineering

Data Interpretation for CAT (Record no. 36322)

MARC details
000 -LEADER
fixed length control field 00332nam a22001337a 4500
003 - CONTROL NUMBER IDENTIFIER
control field OSt
005 - DATE AND TIME OF LATEST TRANSACTION
control field 20260316104015.0
008 - FIXED-LENGTH DATA ELEMENTS--GENERAL INFORMATION
fixed length control field 260316b |||||||| |||| 00| 0 eng d
040 ## - CATALOGING SOURCE
Transcribing agency
082 ## - DEWEY DECIMAL CLASSIFICATION NUMBER
Classification number 371.264
Item number SHA
245 ## - TITLE STATEMENT
Title Data Interpretation for CAT
Statement of responsibility, etc. Arun Sharma
260 ## - PUBLICATION, DISTRIBUTION, ETC.
Name of publisher, distributor, etc. Mcgraw Hill
Date of publication, distribution, etc. 2025
942 ## - ADDED ENTRY ELEMENTS (KOHA)
Source of classification or shelving scheme Dewey Decimal Classification
Koha item type BOOK
Call number prefix 371.264
Call number suffix SHA
Suppress in OPAC No
Holdings
Withdrawn status Lost status Source of classification or shelving scheme Damaged status Not for loan Collection Home library Current library Date acquired Cost, normal purchase price Inventory number Total Checkouts Full call number Barcode Date last seen Price effective from Koha item type
    Dewey Decimal Classification     General Fr. Agnel's C.Rodrigues College of Engineering Fr. Agnel's C.Rodrigues College of Engineering 16/03/2026 885.00 AO/26/02/1208 dt 21.02.2026   371.264/SHA 27109 16/03/2026 16/03/2026 BOOK
    Dewey Decimal Classification     General Fr. Agnel's C.Rodrigues College of Engineering Fr. Agnel's C.Rodrigues College of Engineering 16/03/2026 885.00 AO/26/02/1208 dt 21.02.2026   371.264/SHA 27110 16/03/2026 16/03/2026 BOOK
    Dewey Decimal Classification     General Fr. Agnel's C.Rodrigues College of Engineering Fr. Agnel's C.Rodrigues College of Engineering 16/03/2026 885.00 AO/26/02/1208 dt 21.02.2026   371.264/SHA 27111 16/03/2026 16/03/2026 BOOK
    Dewey Decimal Classification     General Fr. Agnel's C.Rodrigues College of Engineering Fr. Agnel's C.Rodrigues College of Engineering 16/03/2026 885.00 AO/26/02/1208 dt 21.02.2026   371.264/SHA 27112 16/03/2026 16/03/2026 BOOK
    Dewey Decimal Classification     General Fr. Agnel's C.Rodrigues College of Engineering Fr. Agnel's C.Rodrigues College of Engineering 16/03/2026 885.00 AO/26/02/1208 dt 21.02.2026   371.264/SHA 27113 16/03/2026 16/03/2026 BOOK